[Event "7th WUCC Women"]
[Site "Ulaanbaatar MON"]
[Date "2002.09.15"]
[Round "5"]
[White "Batceceg,T"]
[Black "Yu Ting"]
[Result "1/2-1/2"]
[WhiteElo "2188"]
[BlackElo "2220"]

1.d4 Nf6 2.Nf3 g6 3.c4 Bg7 4.g3 d6 5.Bg2 O-O 6.O-O Na6 7.Nc3 c5 8.d5 Nc7
9.e4 e5 10.Ne1 Rb8 11.a4 b6 12.Nd3 a6 13.f4 exf4 14.Bxf4 Nh5 15.Be3 b5 16.axb5 axb5
17.Nxb5 Nxb5 18.cxb5 Rxb5 19.Qc1 Qb6 20.Ra3 Ra5 21.Rxa5 Qxa5 22.Bd2 Qb5 23.Nf4 Bxb2
24.Qc2 Nxf4 25.Bxf4 Bd4+ 26.Kh1 Qd7 27.Rb1 f6 28.Qa2 Be5 29.Be3 Qc7 30.Bd2 Bd7
31.Bf1 Rb8 32.Bc4 Kf7 33.Kg2 Rxb1 34.Qxb1 Qa7 35.h3 Qa3 36.Qd3 Qxd3 37.Bxd3 f5
38.exf5 Bxf5 39.Bc4 Be4+ 40.Kf2 Kf6 41.h4 Ke7 42.g4 h5 43.g5 Bf5 44.Ba5 Kd7
45.Bd2 Kc7 46.Be1 Kb6 47.Bd2 Bb2 48.Bf4 Bd4+ 49.Kg2 Be5 50.Bd2 Be4+ 51.Kh3 Bf5+
52.Kg2  1/2-1/2

[Event "TCh-CRO"]
[Site "Medulin CRO"]
[Date "2002.09.16"]
[Round "8"]
[White "Tkachiev,V"]
[Black "Krstic,U"]
[Result "1-0"]
[WhiteElo "2625"]
[BlackElo "2420"]

1.d4 Nf6 2.c4 g6 3.Nf3 Bg7 4.g3 O-O 5.Bg2 d6 6.O-O Nc6 7.Nc3 Bg4 8.d5 Na5
9.Nd2 c5 10.Qc2 a6 11.h3 Bd7 12.b3 Rb8 13.Bb2 b5 14.Rab1 Qc7 15.e4 e6 16.Nd1 Rfc8
17.Ne3 exd5 18.exd5 b4 19.Rbe1 Re8 20.Qb1 Nh5 21.Bxg7 Kxg7 22.Qb2+ f6 23.Ne4 Rxe4
24.Bxe4 Bxh3 25.Bg2 Bxg2 26.Kxg2 Qd7 27.Rh1 Nb7 28.Qe2 Rf8 29.Rxh5 gxh5 30.Rh1 f5
31.Rxh5 Nd8 32.Rg5+ Kf7 33.Qh5+ Kf6 34.Rxf5+ Ke7 35.Qxh7+ Nf7 36.g4  1-0

[Event "TCh-CRO"]
[Site "Medulin CRO"]
[Date "2002.09.16"]
[Round "8"]
[White "Dizdar,G"]
[Black "Fedorov,Alex"]
[Result "1/2-1/2"]
[WhiteElo "2525"]
[BlackElo "2598"]

1.d4 Nf6 2.Nf3 g6 3.c4 Bg7 4.g3 O-O 5.Bg2 d6 6.O-O Nc6 7.Nc3 a6 8.d5 Na5
9.Nd2 c5 10.Rb1 Rb8 11.b3 b5 12.Bb2 h5 13.Qc2 Bf5 14.e4 Bd7 15.Nd1 e5  1/2-1/2

[Event "7th WUCC Women"]
[Site "Ulaanbaatar MON"]
[Date "2002.09.18"]
[Round "7"]
[White "Batceceg,T"]
[Black "Otgonjargal,S"]
[Result "1-0"]
[WhiteElo "2188"]
[BlackElo "2094"]

1.d4 Nf6 2.Nf3 g6 3.c4 Bg7 4.g3 d6 5.Bg2 O-O 6.O-O Nc6 7.Nc3 a6 8.h3 Rb8
9.e4 b5 10.cxb5 axb5 11.Re1 Ne8 12.Nd5 e6 13.Nf4 Ne7 14.Nd3 h6 15.Bd2 Bb7
16.Rc1 Nf6 17.Nh2 Nd7 18.Be3 f5 19.Nf4 Kf7 20.d5 exd5 21.exd5 Nc5 22.Bxc5 dxc5
23.Ne6 Qd7 24.Nxf8 Rxf8 25.d6 cxd6 26.Bxb7 Qxb7 27.Qxd6 Bd4 28.b4 Nc8 29.Qe6+ Kg7
30.bxc5 Qc7 31.Kg2 f4 32.Qe4 Bxf2 33.Qe5+ Qxe5 34.Rxe5 fxg3 35.Nf3 Kf6 36.c6 Nd6
37.c7 Nc4 38.Rxb5 Ne3+ 39.Kh1 Rc8 40.Rb8 g2+ 41.Kh2  1-0

[Event "VI Pablo Gorbea Mem"]
[Site "Madrid ESP"]
[Date "2002.09.22"]
[Round "7"]
[White "Komljenovic,D"]
[Black "Martinez Martin,D"]
[Result "0-1"]
[WhiteElo "2459"]
[BlackElo "2348"]

1.d4 Nf6 2.Nf3 g6 3.c4 Bg7 4.g3 O-O 5.Bg2 d6 6.O-O c5 7.d5 b5 8.cxb5 a6 9.bxa6 Bf5
10.Nc3 Ne4 11.Nxe4 Bxe4 12.Nd2 Bxg2 13.Kxg2 Rxa6 14.Nc4 Nd7 15.e4 Qa8 16.a4 Rb8
17.Bd2 Ne5 18.Nxe5 Bxe5 19.Bc3 Bxc3 20.bxc3 c4 21.Qd4 Rxa4 22.Rxa4 Qxa4 23.e5 dxe5
24.Qxe5 Rb5 25.Qxe7 Rxd5 26.Rb1 Qc6 27.Rb8+ Rd8+  0-1

[Event "Eu Rapid Ch"]
[Site "Panormo GRE"]
[Date "2002.09.30"]
[Round "3"]
[White "Borovikov,V"]
[Black "Banikas,H"]
[Result "1/2-1/2"]
[WhiteElo "2570"]
[BlackElo "2521"]

1.d4 Nf6 2.Nf3 g6 3.c4 Bg7 4.g3 O-O 5.Bg2 d6 6.O-O Nbd7 7.Nc3 e5 8.e4 Re8
9.h3 exd4 10.Nxd4 a6 11.Bg5 h6 12.Be3 Rb8 13.Qd2 c5 14.Nde2 Ne5 15.b3 Bxh3
16.Bxh6 Qd7 17.Rad1 Rbd8 18.Bg5 b5 19.Bxf6 Bxg2 20.Kxg2 Bxf6 21.Nd5 Bg7 22.cxb5 axb5
23.f3 Qa7 24.Nec3 Rb8 25.Qf4 Re6 26.Rh1 b4 27.Na4 c4 28.g4 c3 29.g5 Nd7 30.Rh7 c2
31.Rdh1 Qd4 32.Qh4 Kf8 33.Rc1 Rc8 34.Qf2 Qxf2+ 35.Kxf2 Nc5 36.Nxc5 Rxc5 37.Nxb4 Bc3
38.a3 Bd2 39.Rhh1 Kg7 40.Ke2 Bxc1 41.Rxc1 Rxg5 42.Nxc2 d5 43.Nd4 Re8 44.Rc5 Rg2+
45.Ke3 dxe4 46.fxe4 Rg4 47.e5 f5 48.Rc7+ Kh6 49.e6 Re4+ 50.Kd3 Re5 51.b4 f4
52.b5 f3 53.Rf7 Ra8 54.Rxf3 Rxa3+ 55.Kc4 Rxf3 56.Nxf3 Rxe6 57.Kc5 Re3 58.Nd4 Re5+  1/2-1/2

[Event "11th Monarch Assurance"]
[Site "Port Erin IOM"]
[Date "2002.09.30"]
[Round "3"]
[White "Dautov,R"]
[Black "Hebden,M"]
[Result "1-0"]
[WhiteElo "2617"]
[BlackElo "2534"]

1.d4 Nf6 2.Nf3 g6 3.c4 Bg7 4.g3 O-O 5.Bg2 d6 6.O-O Nc6 7.Nc3 Rb8 8.Qd3 Bg4
9.d5 Nb4 10.Qd1 c5 11.e4 e5 12.Be3 Na6 13.h3 Bd7 14.Nd2 Nc7 15.a4 a6 16.a5 b5
17.axb6 Rxb6 18.Ra2 Qe7 19.Kh2 Rfb8 20.b3 h5 21.Na4 Bxa4 22.Rxa4 Kh8 23.Qc2 h4
24.Ra3 hxg3+ 25.fxg3 Ng8 26.Nf3 Bh6 27.Bg1 Ne8 28.Ne1 Ngf6 29.Nd3 Nd7 30.g4 Ng7
31.Rb1 f5 32.Qe2 Qg5 33.Bf3 Nf6 34.Rb2 fxg4 35.hxg4 Nh7 36.Bf2 Qf6 37.Kg1 Qg5
38.Kh2 Qf6 39.Kg1 Qg5 40.Kh1 Ne8 41.b4 Nef6 42.Raa2 cxb4 43.Bxb6 Rxb6 44.Ra4 Nd7
45.Raxb4 Rxb4 46.Rxb4 Qh4+ 47.Qh2 Qf6 48.Be2 Be3 49.Rb7 Nf8 50.c5 Bxc5 51.Nxc5 dxc5
52.Qh6 Kg8 53.d6 Ng5 54.Bc4+  1-0

[Event "7th ECCW"]
[Site "Antalya TUR"]
[Date "2002.10.01"]
[Round "3"]
[White "Matveeva,S"]
[Black "Topel,Z"]
[Result "1-0"]
[WhiteElo "2448"]
[BlackElo "2067"]

1.d4 Nf6 2.c4 g6 3.Nf3 Bg7 4.g3 d6 5.Bg2 O-O 6.Nc3 Nbd7 7.O-O e5 8.h3 Re8
9.e4 exd4 10.Nxd4 Nc5 11.Re1 c6 12.Bf4 Nh5 13.Be3 Qe7 14.Qd2 Be6 15.b3 Rad8
16.Rad1 Bc8 17.b4 Ne6 18.Nb3 d5 19.cxd5 Qxb4 20.Rc1 cxd5 21.exd5 Nc7 22.Bc5 Rxe1+
23.Qxe1 Qc4 24.Be7 Re8 25.Ne4 Qxd5 26.Rxc7 Qe5 27.Bd6 Qxd6 28.Rxc8 Qe6 29.Rxe8+ Qxe8
30.g4  1-0

[Event "Eu Blitz Ch"]
[Site "Panormo GRE"]
[Date "2002.10.02"]
[Round "5"]
[White "Ruck,R"]
[Black "Nikolaidis,I"]
[Result "1-0"]
[WhiteElo "2572"]
[BlackElo "2495"]

1.Nf3 g6 2.c4 Bg7 3.d4 Nf6 4.g3 O-O 5.Bg2 d6 6.O-O Nc6 7.Nc3 Bf5 8.d5 Na5
9.Nd4 Bd7 10.b3 c5 11.dxc6 Nxc6 12.e3 a6 13.Bb2 Rc8 14.Nde2 Rb8 15.a4 Qc8
16.Nf4 Qd8 17.Qd2 Re8 18.Ncd5 Nxd5 19.Nxd5 Be6 20.Bxg7 Kxg7 21.Qb2+ f6 22.Nf4 Bf7
23.Rfd1 Qa5 24.Bd5 Rbc8 25.Rab1 Nb4 26.Bxb7 Rc5 27.Qd2 Qb6 28.Bg2 a5 29.h4 Re5
30.Qd4 Qc7 31.Rbc1 Rc5 32.Qd2 Qb6 33.Ne2 Re5 34.Nc3 Rc8 35.Nb5 Rcc5 36.Nd4 Rc7
37.Kh2 Rc8 38.Ne2 Rcc5 39.Nf4 Na6 40.Nd3 Qxb3 41.Nxe5 Rxe5 42.Ra1 Nb4 43.Rdc1 Rc5
44.Rc3  1-0

[Event "ch-ESP Open"]
[Site "Ayamonte ESP"]
[Date "2002.10.09"]
[Round "6"]
[White "Jaime Montalvan,L"]
[Black "Ingunza Lopez,T"]
[Result "1-0"]
[WhiteElo "2301"]
[BlackElo "2042"]

1.d4 Nf6 2.c4 g6 3.Nf3 Bg7 4.g3 O-O 5.Bg2 d6 6.O-O Nbd7 7.Nc3 c6 8.e4 e5
9.h3 Re8 10.Re1 exd4 11.Nxd4 Nc5 12.Bf4 Nh5 13.Be3 a5 14.Qc2 Be6 15.Nxe6 Nxe6
16.Rad1 Qc7 17.Rd2 Nc5 18.Red1 Rad8 19.g4 Nf6 20.Bf4 Bf8 21.Kh1 Re6 22.Bg3 Rde8
23.Re2 g5 24.f3 Nfd7 25.Red2 Ne5 26.b3 Rf6 27.Rf1 Ne6 28.Ne2 Ng6 29.Bf2 Ngf4
30.Be3 Nxe2 31.Rxe2 Nf4 32.Rd2 Rh6 33.Rfd1 Bg7 34.Bxf4 gxf4 35.c5 Be5 36.cxd6 Rxd6
37.Rxd6 Bxd6 38.g5 Be7 39.h4 Rd8 40.Bh3 Rxd1+ 41.Qxd1 Qd6 42.Qxd6 Bxd6 43.Bc8 b6
44.Kg2 f6 45.Kh3 fxg5 46.hxg5 Kg7 47.Kg4 h6 48.gxh6+ Kxh6 49.Kf5 Kg7 50.Bd7 Kf7
51.Bxc6 Ke7 52.a4 Bc7 53.Bb5 Bd6 54.Bc4 Bb4 55.Kxf4 Kf6 56.e5+ Ke7 57.Ke4 Bc3
58.f4 Bb4 59.f5 Bc3 60.f6+ Kf8 61.Kf5 Bb4 62.e6 b5 63.axb5 a4 64.bxa4 Bc5
65.b6  1-0

[Event "4th ZNG111 IM"]
[Site "Opatija CRO"]
[Date "2002.10.10"]
[Round "8"]
[White "Kljako,D"]
[Black "Rukavina,J"]
[Result "1/2-1/2"]
[WhiteElo "2263"]
[BlackElo "2393"]

1.d4 g6 2.g3 Bg7 3.Bg2 d6 4.Nf3 Nf6 5.c4 O-O 6.Nc3 c6 7.e4 Qa5 8.O-O e5 9.dxe5 dxe5
10.Qe2 h6 11.h3 Be6 12.Bd2 Nfd7 13.b3 Na6 14.Rfd1 Rfe8 15.Nb5 Qb6 16.Be3 Ndc5
17.Nc3 Qa5 18.Bd2 Qc7 19.Be3 Bf8 20.Rac1 Rad8 21.Rxd8 Rxd8 22.Rd1 Rxd1+ 23.Qxd1 Nd7
24.Kh2 Kh7 25.Ng1 Nb4 26.Nge2 a5 27.Qd2 Nc5 28.f4 Nbd3 29.Nc1 Nxc1 30.Qxc1 Qd8
31.Qd2 Qxd2 32.Bxd2 a4 33.b4 Nd3 34.a3 Bd6 35.c5 Bc7 36.f5 gxf5 37.exf5 Bxf5
38.Nxa4 Kg7 39.Nc3 Be6 40.g4 Nb2 41.Bc1 Nd3 42.Be3 f5 43.gxf5 Bxf5 44.Be4 Kg6
45.Bxf5+ Kxf5 46.Bxh6 e4+ 47.Kg2 Nf4+ 48.Bxf4 Bxf4 49.Ne2 Be5 50.a4 Bb2 51.b5 Ke5
52.h4 Kd5 53.bxc6 Kxc6 54.Kf2 Kxc5 55.Ke3 Kd5 56.Nf4+ Ke5 57.Ng6+ Kf5 58.Ne7+ Kf6
59.Nd5+ Ke5 60.Nb4 Bc1+ 61.Ke2 Kf5 62.a5 Ba3 63.a6 bxa6 64.Nxa6 Bd6 65.Ke3 Bf8  1/2-1/2

[Event "10th Chigorin Mem"]
[Site "St Petersburg RUS"]
[Date "2002.10.26"]
[Round "2"]
[White "Slavina,I"]
[Black "Solovjov,S"]
[Result "1/2-1/2"]
[WhiteElo "2387"]
[BlackElo "2467"]

1.d4 Nf6 2.c4 g6 3.g3 Bg7 4.Bg2 O-O 5.Nf3 d6 6.O-O c6 7.Nc3 Qa5 8.e4 e5 9.h3 Nbd7
10.d5 cxd5 11.cxd5 b5 12.Re1 b4 13.Na4 Rb8 14.Bd2 Qd8 15.a3 bxa3 16.Rxa3 Nb6
17.Nxb6 Qxb6 18.Ra2 Bd7 19.Qa1 Rfc8 20.Bc3 Rb7 21.Bf1 Bb5 22.Bxb5 Qxb5 23.Rxa7 Rxa7
24.Qxa7 Qd3 25.Ng5 Rf8 26.Qe3 Qxe3 27.Rxe3 Rc8 28.Bb4 Bf8 29.f4 Rc1+ 30.Kg2 Rc2+
31.Kf1  1/2-1/2

[Event "10th Chigorin Mem"]
[Site "St Petersburg RUS"]
[Date "2002.10.27"]
[Round "3"]
[White "Doroshkievich,V"]
[Black "Kruppa,Y"]
[Result "1/2-1/2"]
[WhiteElo "2412"]
[BlackElo "2522"]

1.d4 Nf6 2.c4 g6 3.Nf3 Bg7 4.g3 O-O 5.Bg2 d6 6.O-O Nc6 7.b3 e5 8.dxe5 dxe5
9.Bb2 Qe7 10.Nc3 Rd8 11.Qc1 e4 12.Ne1 Nd4 13.Nc2 Nxc2 14.Qxc2 Bf5 15.Qc1 c6
16.Nd1 Qe6 17.Ne3 Bh3 18.Qc2 Bxg2 19.Kxg2 h5 20.h3 Ne8  1/2-1/2

[Event "10th Chigorin Mem B"]
[Site "St Petersburg RUS"]
[Date "2002.10.27"]
[Round "3"]
[White "Nefediev,A"]
[Black "Kondenko,A"]
[Result "1/2-1/2"]
[WhiteElo "2261"]
[BlackElo "2312"]

1.d4 g6 2.c4 Bg7 3.Nf3 d6 4.g3 Nf6 5.Bg2 O-O 6.O-O Nc6 7.Nc3 Bf5 8.h3 a6
9.g4 Bd7 10.e4 e5 11.Be3 h5 12.g5 Nh7 13.h4 Bg4 14.Ne2 f5 15.dxe5 dxe5 16.Qxd8 Rfxd8
17.Nc3 f4 18.Bc5 b6 19.Ba3 Rd3 20.Ne1 Rxc3 21.bxc3 Be2 22.Nc2 Bxf1 23.Bxf1 Rd8
24.Nb4 Nxb4 25.cxb4 Nf8 26.b5 a5 27.c5 Rd4 28.cxb6 cxb6 29.Rc1 Rxe4 30.Bg2 Rd4
31.Rc6 e4 32.Rd6 f3 33.Bh3 Rxd6  1/2-1/2

[Event "10th Chigorin Mem B"]
[Site "St Petersburg RUS"]
[Date "2002.10.28"]
[Round "4"]
[White "Kiselev,Ar"]
[Black "Shamugia,S"]
[Result "1-0"]
[WhiteElo "2239"]
[BlackElo "2320"]

1.d4 Nf6 2.c4 g6 3.Nf3 Bg7 4.g3 O-O 5.Bg2 d6 6.O-O Nbd7 7.Nc3 e5 8.e4 exd4
9.Nxd4 Nc5 10.h3 Re8 11.Re1 a5 12.Nb3 Ne6 13.a4 Nd7 14.Be3 Ndc5 15.Kh2 c6
16.Re2 Qb6 17.Ra3 Qb4 18.Na2 Qxc4 19.Rc2 Qa6 20.f4 b6 21.Nxc5 dxc5 22.e5 Bb7
23.Rd3 Rad8 24.Rcd2 Rxd3 25.Rxd3 f6 26.Rd6 fxe5 27.Bf1 exf4 28.Bxa6 Bxa6
29.gxf4 g5 30.Qb3  1-0

[Event "10th Chigorin Mem"]
[Site "St Petersburg RUS"]
[Date "2002.10.28"]
[Round "4"]
[White "Grachev,B"]
[Black "Polivanov,A"]
[Result "0-1"]
[WhiteElo "2489"]
[BlackElo "2395"]

1.d4 Nf6 2.c4 g6 3.Nf3 Bg7 4.g3 O-O 5.Bg2 d6 6.Nc3 c6 7.O-O a6 8.a4 a5 9.h3 Na6
10.e4 Nd7 11.Be3 e5 12.Kh2 Re8 13.Qd2 exd4 14.Nxd4 Nac5 15.Rad1 Qe7 16.Qc2 h5
17.b3 Nf6 18.Rfe1 h4 19.g4 Bxg4 20.hxg4 Nxg4+ 21.Kg1 Qe5 22.Kf1 Ne6 23.Nxe6 fxe6
24.Bd4 Qg5 25.Bxg7 Nh2+ 26.Ke2 Qxg2 27.Bd4 Nf3 28.Qc1 Rf8 29.Be3 h3 30.Rh1 h2
31.Kd3 d5 32.Ne2 e5 33.Bc5 Nh4 34.Qh6 Qxe4+ 35.Kd2 Rf3 36.Rxh2 Rxb3 37.Ke1 Rb2
38.Be3 Qc2 39.Nc3 Nf3+ 40.Kf1 Nxh2+ 41.Qxh2 Qxc3 42.Qh6 Qxc4+  0-1

[Event "10th Chigorin Mem B"]
[Site "St Petersburg RUS"]
[Date "2002.10.28"]
[Round "4"]
[White "Shvedov,S"]
[Black "Margolin,E"]
[Result "1-0"]
[WhiteElo "2351"]
[BlackElo "2206"]

1.d4 Nf6 2.Nf3 g6 3.c4 Bg7 4.g3 O-O 5.Bg2 d6 6.O-O Nbd7 7.Nc3 e5 8.e4 exd4
9.Nxd4 Re8 10.h3 Nc5 11.Re1 a5 12.Rb1 a4 13.b4 axb3 14.axb3 Nfd7 15.b4 Na6
16.Be3 Ne5 17.Bf1 Nxb4 18.Rxb4 c5 19.Rb3 cxd4 20.Bxd4 Bd7 21.Nb5 Bxb5 22.Rxb5 Qc8
23.Bxe5 dxe5 24.Qd5 Rb8 25.c5 Rd8 26.Qb3 Bf8 27.Rc1 Qc7 28.Bc4 Kg7 29.Bd5 b6
30.Rxb6 Rxb6 31.Qxb6 Rc8 32.Qxc7 Rxc7 33.c6 Bd6 34.Ra1 Bc5 35.Kf1 Ba7 36.Ke2 Kf8
37.f4 f6 38.fxe5 fxe5 39.Kf3 Ke7 40.Ra3 Kf6 41.Kg4 Re7 42.Kf3 Rc7 43.Ke2 Ke7
44.Kd3 Kd6 45.Kc4 Re7 46.Rf3 Kc7 47.Kb5 Bd4 48.Rf8 Be3 49.Ka6 Bd4 50.Kb5 Kd6
51.Rf6+ Kc7 52.Kc4 Be3 53.Rf8 Bh6 54.Rf3 Kd6 55.Kb5 Kc7 56.Ra3 Kd6 57.Kb6 Rc7
58.Rd3 Rc8 59.Bb3+ Ke7 60.Rd7+  1-0

[Event "Olympiad w"]
[Site "Bled SLO"]
[Date "2002.10.29"]
[Round "4"]
[White "Vijayalakshmi,S"]
[Black "Velikhanli,F"]
[Result "1-0"]
[WhiteElo "2394"]
[BlackElo "2304"]

1.d4 Nf6 2.c4 g6 3.Nf3 Bg7 4.g3 O-O 5.Bg2 d6 6.O-O Nc6 7.Nc3 a6 8.Re1 Rb8
9.Rb1 b5 10.cxb5 axb5 11.b4 e5 12.dxe5 dxe5 13.Be3 e4 14.Nd4 Nxd4 15.Bxd4 Bf5
16.e3 Re8 17.h3 h5 18.Qc2 Qd7 19.Kh2 Qe6 20.Qb2 Red8 21.Rbc1 c6 22.Ne2 Rbc8
23.Rc5 Rd6 24.Be5 Ne8 25.Bxg7 Nxg7 26.Nd4 Qe8 27.Rec1 Bd7 28.Qc2 Rf6 29.Bxe4 Ne6
30.Nxe6 Qxe6 31.Bg2 Ra8 32.Ra1 Ra4 33.a3 h4 34.gxh4 Qd6+ 35.Kg1 Qe7 36.Rd1 Rd6
37.Rxd6 Qxd6 38.Rc3 Qf6 39.Qd2 Ra8 40.h5 gxh5 41.e4 Rd8 42.Rd3 Qa1+ 43.Kh2 Qe5+
44.f4 Qf6 45.e5 Qe6 46.Rd6 Qf5 47.Rf6 Qb1 48.f5 Qa1 49.Qg5+ Kf8 50.Re6 Bxe6
51.Qxd8+ Kg7 52.Qg5+ Kf8  1-0

[Event "Olympiad"]
[Site "Bled SLO"]
[Date "2002.10.31"]
[Round "6"]
[White "Arduman,C"]
[Black "Lenic,L"]
[Result "1-0"]
[WhiteElo "2369"]
[BlackElo "2257"]

1.Nf3 g6 2.c4 Bg7 3.d4 d6 4.g3 Nf6 5.Bg2 O-O 6.O-O Nc6 7.Nc3 a6 8.b3 Rb8
9.Nd5 b5 10.Nxf6+ Bxf6 11.Bh6 Re8 12.Rc1 bxc4 13.Rxc4 Bd7 14.Qc1 Na7 15.Re1 c6
16.Qd2 Be6 17.Ra4 Qb6 18.Qa5 Nb5 19.Be3 Qxa5 20.Rxa5 c5 21.dxc5 Bc3 22.Rxa6 Bxe1
23.Nxe1 dxc5 24.Bxc5 Rec8 25.Nd3 Nc3 26.Kf1 Bd5 27.Bf3 Be4 28.Bxe4 Nd5 29.Ke1 e6
30.Kd2 Rb7 31.b4 Nc7 32.Ra5 f6 33.a4 e5 34.f3 Ne6 35.Be3 Kf7 36.Ra6 Ke7 37.Nc5 Nc7
38.Nxb7 Nxa6 39.b5 Nc7 40.Nc5 Nd5 41.Bf2 Ra8 42.Na6 Kd7 43.Kd3 f5 44.Kc4 Nc7
45.Nc5+ Kd6 46.b6 Nd5 47.b7 Rb8 48.a5 Kc6 49.a6 Ra8 50.a7 fxe4 51.fxe4 h5
52.h4  1-0

[Event "10th Chigorin Mem B"]
[Site "St Petersburg RUS"]
[Date "2002.10.31"]
[Round "6"]
[White "Kiselev,Ar"]
[Black "Sudakova,I"]
[Result "1-0"]
[WhiteElo "2239"]
[BlackElo "2345"]

1.d4 Nf6 2.c4 g6 3.Nf3 Bg7 4.g3 O-O 5.Bg2 d6 6.O-O Nbd7 7.Nc3 e5 8.e4 a6
9.Qc2 exd4 10.Nxd4 Re8 11.Rd1 Rb8 12.h3 Qe7 13.a4 c5 14.Nde2 Ne5 15.b3 Bd7
16.Bg5 Bc6 17.Qd2 h6 18.Bxh6 Bxh6 19.Qxh6 Ned7 20.f3 b5 21.axb5 axb5 22.Qd2 bxc4
23.bxc4 Rb4 24.Qxd6 Qxd6 25.Rxd6 Re6 26.Rad1 Ne8 27.Rxd7 Bxd7 28.Rxd7 Rd6
29.Ra7 Rd2 30.Ra8 Kf8 31.Kf2 Rxc4 32.Nd5 Rcc2 33.Bf1 Ra2 34.Rc8 Ra7 35.Nf6 Re7
36.Nxe8 Rxe8 37.Rxc5 Ra8 38.Rc3 Ra1 39.Re3 Rda2 40.Bg2 Ra3 41.Rxa3 Rxa3 42.f4 Ke7
43.Bf3 Ra2 44.g4 Ra3 45.Kg3 Rd3 46.h4 Ra3 47.h5 gxh5 48.gxh5 f6 49.Kg4 Rd3
50.Ng3 Kf7 51.Nf5 Rd2 52.Nh4 Kg7 53.Kf5 Rh2 54.Ng6 Rf2 55.Bg4 Ra2 56.Ne7 Ra5+
57.Nd5 Ra6 58.Be2 Rc6 59.Bb5 Rd6 60.Be8 Ra6 61.Bd7  1-0

[Event "British Rapidplay"]
[Site "Bradford ENG"]
[Date "2002.11.01"]
[Round "11"]
[White "Arkell,K"]
[Black "Britton,R"]
[Result "1/2-1/2"]
[WhiteElo "2521"]
[BlackElo "2295"]

1.d4 Nf6 2.Nf3 g6 3.c4 Bg7 4.g3 O-O 5.Bg2 d6 6.O-O Nc6 7.Nc3 e5 8.h3 Nh5
9.Bg5 f6 10.Be3 f5 11.dxe5 dxe5 12.Bc5 Re8 13.Qxd8 Nxd8 14.e4 c6 15.Ba3 Nf7
16.Rad1 Bf8 17.Bxf8 Kxf8 18.h4 f4 19.Ne2 h6 20.Ne1 g5 21.hxg5 hxg5 22.Nd3 b6
23.Nb4 Re6 24.Bh3 Rh6 25.Bxc8 Rxc8 26.Rd3 a5 27.Nc2 Ke7 28.g4 Nf6 29.f3 Rch8
30.Kf2 Rh2+ 31.Ke1 Nd6 32.b3 Ke6 33.Rf2 Rxf2 34.Kxf2 Rh2+ 35.Kf1 Ndxe4 36.fxe4 Nxg4
37.Rd2 Ke7 38.Rd3 Rf2+ 39.Ke1 f3 40.Ned4 exd4 41.Nxd4 Rxa2 42.Nxf3 a4 43.Rd2 Nf6
44.c5  1/2-1/2

[Event "Olympiad"]
[Site "Bled SLO"]
[Date "2002.11.04"]
[Round "9"]
[White "Warner,D"]
[Black "Arduman,C"]
[Result "0-1"]
[WhiteElo "2232"]
[BlackElo "2369"]

1.d4 Nf6 2.c4 g6 3.g3 Bg7 4.Bg2 O-O 5.Nf3 d6 6.O-O Nbd7 7.Nc3 e5 8.h3 exd4
9.Nxd4 Re8 10.e4 Nc5 11.Re1 Bd7 12.b4 Ne6 13.Be3 Nxd4 14.Bxd4 c5 15.bxc5 dxc5
16.Be3 Qc8 17.Kh2 Ng4+ 18.hxg4 Bxc3 19.Qb3 Bxa1 20.Rxa1 Bxg4 21.Bc1 Qc7 22.Bb2 Rad8
23.Qc3 Rd4 24.Qb3 Red8 25.Bxd4 Rxd4 26.e5 Qxe5 27.Qxb7 Rd2 28.Rf1 Rxa2 29.Kg1 Kg7
30.Qd5 Qxd5 31.cxd5 Rd2 32.f3 Bf5 33.Ra1 c4 34.g4 c3 35.gxf5 c2 36.f6+ Kh6  0-1

[Event "Olympiad w"]
[Site "Bled SLO"]
[Date "2002.11.06"]
[Round "11"]
[White "Keskin,S"]
[Black "Debowska,T"]
[Result "0-1"]
[WhiteElo "2007"]
[BlackElo "2062"]

1.d4 Nf6 2.Nf3 g6 3.g3 Bg7 4.Bg2 d6 5.c4 O-O 6.O-O c6 7.Nc3 Bf5 8.Re1 Ne4
9.Nh4 Nxc3 10.bxc3 Be6 11.Qd3 Qc8 12.Rb1 Na6 13.f4 Bd7 14.e4 e5 15.Rf1 exd4
16.cxd4 c5 17.d5 Rb8 18.Bb2 f6 19.Bc3 b5 20.cxb5 c4 21.Qd4 Bxb5 22.Qxa7 Rf7
23.Qe3 Re7 24.Nf3 Qc7 25.Rfe1 Nc5 26.Nd4 Bd7 27.Rxb8+ Qxb8 28.Qd2 Nd3 29.Ra1 Qb6
30.Qe3 f5 31.a4 fxe4 32.a5 Qa7 33.Ra3 Qc5 34.Ra1 Nb4 35.a6 Nxd5 36.a7 Bc6
37.a8=Q+ Bxa8 38.Rxa8+ Kf7 39.Qf2 Nxc3 40.Nc2 Qxf2+ 41.Kxf2 d5 42.Rd8 Bf6
43.Ke3 Ra7 44.Rd6 Ra2 45.Kd2 d4 46.Kc1 d3 47.Ne3 Ne2+ 48.Kb1 Rb2+ 49.Ka1 Rc2+
50.Rxf6+ Kxf6 51.Nxc2 dxc2  0-1

[Event "Olympiad"]
[Site "Bled SLO"]
[Date "2002.11.07"]
[Round "12"]
[White "Maherramzade,J"]
[Black "Ibraev,N"]
[Result "1/2-1/2"]
[WhiteElo "2469"]
[BlackElo "2398"]

1.d4 Nf6 2.Nf3 g6 3.c4 Bg7 4.g3 O-O 5.Bg2 d6 6.Nc3 Nc6 7.O-O Bf5 8.h3 Ne4
9.Nd5 Bd7 10.Ne3 e5 11.d5 Ne7 12.Qc2  1/2-1/2

[Event "Olympiad"]
[Site "Bled SLO"]
[Date "2002.11.10"]
[Round "14"]
[White "Kaabi,M"]
[Black "Frick,R"]
[Result "0-1"]
[WhiteElo "2383"]
[BlackElo "2161"]

1.d4 Nf6 2.Nf3 g6 3.c4 Bg7 4.g3 O-O 5.Bg2 d6 6.O-O c6 7.h3 Nbd7 8.Nc3 e5
9.e4 Re8 10.Re1 Qb6 11.d5 cxd5 12.Nxd5 Nxd5 13.Qxd5 Qc5 14.Qd3 Qc6 15.b3 Nc5
16.Qd1 a5 17.Ba3 b6 18.Rc1 Bb7 19.Rc2 Bf8 20.h4 Rad8 21.h5 Qc8 22.hxg6 hxg6
23.Nh2 Be7 24.Ng4 Kg7 25.Bb2 f6 26.f3 Rh8 27.Rd2 Ne6 28.Qe2 Kf7 29.Qd3 Nc5
30.Qe2 Bc6 31.Red1 Qc7 32.Ne3 Bf8 33.Nd5 Qb8 34.f4 Bxd5 35.Rxd5 Be7 36.Qf3 Kg7
37.Rf1 Rdf8 38.Ba3 Ne6 39.Qg4 Nd4 40.Bb2 Nc6 41.a3 Qc8 42.f5 g5 43.Rfd1 Qc7
44.Bc3 Ra8 45.Qe2 Ra7 46.R1d3 Nd8 47.Be1 Nb7 48.Rd1 Qc6 49.Bf2 Nc5 50.Qf3 Rha8
51.Bf1 Rh8 52.Kg2 Rha8 53.Be2 Rh8 54.Bf1 Raa8 55.Kg1 Ra7 56.Bg2 Raa8 57.R1d2 Ra7
58.Bf1 Raa8 59.Kg2 Ra7 60.Be2 Raa8 61.Bd1 Ra7 62.Kg1 Raa8 63.Qe2 Ra7 64.Kg2 Raa8
65.Bc2 Ra7 66.Qd1 Raa8 67.Rxd6 Bxd6 68.Rxd6 Qc7 69.b4 axb4 70.axb4 Rad8 71.bxc5 bxc5
72.Bxc5 Rxd6 73.Bxd6 Qxc4 74.Ba3 Qc6 75.Qd3 Rc8 76.Bd1 Rc7 77.Bf3 Rd7 78.Qb3 g4
79.Bxg4 Qxe4+ 80.Bf3 Rd2+ 81.Kf1 Qd3+ 82.Qxd3 Rxd3 83.Kg2 Rxa3 84.Bd5 Kh6  0-1

[Event "ch-CRO w"]
[Site "Zagreb CRO"]
[Date "2002.11.26"]
[Round "3"]
[White "Medic,Mir"]
[Black "Mihalincic,I"]
[Result "1-0"]
[WhiteElo "2288"]
[BlackElo "2085"]

1.d4 Nf6 2.c4 g6 3.g3 Bg7 4.Bg2 d6 5.Nf3 O-O 6.Nc3 Nbd7 7.O-O e5 8.h3 Re8
9.e4 a6 10.Re1 c6 11.Be3 b5 12.cxb5 axb5 13.dxe5 dxe5 14.a3 h6 15.Qc2 Bb7
16.Nd2 Qe7 17.Red1 Bf8 18.b4 Qe6 19.Nb3 Ba6 20.Qb2 Rec8 21.Rac1 Rab8 22.Nb1 Ne8
23.N1d2 Nd6 24.Nc5 Nxc5 25.Bxc5 Rd8 26.Qc3 Bg7 27.Bxd6 Rxd6 28.Nb3 Rbd8 29.Rxd6 Rxd6
30.Nc5 Qc8 31.Qc2 Bf8 32.Bf1 Qa8 33.Qc3 Rd4 34.Nd3 Rxe4 35.Qxc6 Bb7 36.Qxb5 Ba6
37.Qa5 Rd4 38.Nc5 Bxc5 39.bxc5 Bb7 40.Qxa8+ Bxa8 41.c6  1-0

[Event "TCh-CZE 2002-3"]
[Site "Czech Rep CZE"]
[Date "2002.12.01"]
[Round "4"]
[White "Bernasek,J"]
[Black "Manik,M"]
[Result "0-1"]
[WhiteElo "2422"]
[BlackElo "2431"]

1.d4 Nf6 2.c4 g6 3.Nf3 Bg7 4.g3 O-O 5.Bg2 d6 6.O-O Nc6 7.Nc3 a6 8.b3 Rb8
9.Bb2 b5 10.cxb5 axb5 11.Rc1 Na5 12.Qc2 Bb7 13.e4 b4 14.e5 bxc3 15.exf6 Bxf6
16.Bxc3 Ra8 17.Qd2 Nc6 18.d5 Ne5 19.Nxe5 dxe5 20.Ba5 Bg5 21.f4 exf4 22.gxf4 Bh6
23.Bxc7 Qd7 24.a4 Rac8 25.Qa5 e6 26.d6 Bxg2 27.Kxg2 e5 28.Qxe5 Rfe8 29.Qc3 Re2+
30.Kh1 Rce8 31.Qg3 R8e4 32.Rc3 Rb2 33.Qh3 Ree2 34.Qxh6 Qf5 35.Rcf3 Qc2 36.Rh3 Qe4+
37.Rhf3 Qxf3+  0-1

[Event "TCh-CZE 2002-3"]
[Site "Czech Rep CZE"]
[Date "2002.12.01"]
[Round "4"]
[White "Mozny,M"]
[Black "Sobek,J"]
[Result "1/2-1/2"]
[WhiteElo "2391"]
[BlackElo "2309"]

1.d4 Nf6 2.Nf3 g6 3.c4 Bg7 4.g3 d6 5.Bg2 O-O 6.O-O c6 7.Nc3 Qa5 8.h3 Bf5
9.Nd2 Qb6 10.e4 Be6 11.d5 Bc8 12.Nb3 c5 13.Be3 Nbd7 14.Rb1 Ne8 15.Qc2 Rb8
16.Nc1 Qb4 17.Nb5 Qa5 18.b4 cxb4 19.Bxa7 Ra8 20.Be3 Nb6 21.Qb3 Bd7 22.Qxb4 Qxb4
23.Rxb4 Ra4 24.Rxa4 Nxa4 25.Ne2 Bxb5 26.cxb5 Nc7 27.Rc1 Nxb5 28.Rb1 Bb2 29.Bc1 Bxc1
30.Rxb5 Bg5 31.Rxb7 Bf6 32.Rb4 Ra8 33.f4 Nc5 34.e5 dxe5 35.d6 Rxa2 36.fxe5 Bg5
37.Nc3 Ra1+ 38.Kh2 exd6 39.exd6 Be3 40.h4 Bg1+ 41.Kh3 Kg7 42.Bc6 Ra3 43.Rc4 Ne6
44.Bd5 Nc5 45.Kg2 Bd4 46.Ne2 Be3 47.Nc3 Bd4 48.Ne2 Be3  1/2-1/2

[Event "ch-POL w sf"]
[Site "Lubniewice POL"]
[Date "2002.12.03"]
[Round "4"]
[White "Krupa,M"]
[Black "Chlost,M"]
[Result "1-0"]
[WhiteElo "2248"]
[BlackElo "2062"]

1.d4 Nf6 2.c4 g6 3.g3 Bg7 4.Bg2 O-O 5.Nf3 d6 6.O-O Na6 7.Nc3 c5 8.d5 Bd7
9.e4 Qb8 10.Qe2 Ne8 11.Bg5 f6 12.Bd2 Nec7 13.Ne1 b5 14.b3 b4 15.Nd1 f5 16.Rc1 Qe8
17.Nf3 fxe4 18.Qxe4 Qf7 19.Ng5 Qf6 20.Qe3 Rae8 21.Nc3 Qd4 22.Nce4 Qxe3 23.Bxe3 Nb8
24.Bf4 h6 25.Nh3 g5 26.Be3 Bf5 27.f4 g4 28.Nhf2 Nd7 29.h3 gxh3 30.Bxh3 Bxh3
31.Nxh3 Nf6 32.Nhf2 Kf7 33.Kg2 Rh8 34.g4 Reg8 35.Kf3 Ke8 36.Rcd1 Kd7 37.Rfe1 a5
38.Ng3 a4 39.Nf5 Bf8 40.bxa4 Nfe8 41.Bc1 e6 42.dxe6+ Nxe6 43.Bb2 Rh7 44.Ne4 Rf7
45.Be5 h5 46.Nexd6 hxg4+ 47.Kg3 Nxd6 48.Nxd6 Rh7 49.Ne4+ Kc8 50.Rh1 Ra7 51.Nf6 Rgg7
52.Nd5 Rg8 53.Rh4 Ng7 54.Bxg7 Rgxg7 55.Rxg4 Rxg4+ 56.Kxg4 Kb7 57.Nf6 Rxa4
58.Rd8 Rxa2 59.Rxf8 b3 60.Rf7+ Kc6 61.Nd5 Rc2 62.Rf6+ Kd7 63.Rb6 b2 64.Ne3 Rd2
65.Kf3 Kc7 66.Rb3  1-0